| 000 | 01065nam a2200241Ia 4500 | ||
|---|---|---|---|
| 001 | 920.945-DIZ bi it (13676) | ||
| 003 | IT-MiSPE | ||
| 008 | 171229s9999||||xx |||||||||||||| ||und|| | ||
| 040 |
_aIT-MiSPE _cIT-MiSPE |
||
| 041 | _aITALIANO | ||
| 100 | _aFiorella Bartoccini | ||
| 245 | 0 |
_aDizionario biografico degli italiani _b48. Filoni - Forghieri |
|
| 250 | _a1a ed. (v) | ||
| 260 |
_aRoma _bIst. Enc. It. Treccani _c1997 |
||
| 300 |
_aXV, 812 p. [v.] _c25 cm |
||
| 490 | _v 48° | ||
| 501 | _aEdizioni San Paolo srl - Piazza Soncino, 5 - 20092 CINISELLO BALSAMO (MI) (non commercial uses only) ® Copyright 2018 | ||
| 520 | _aMario Caravale (dir.) | ||
| 700 | _aMario Caravale | ||
| 942 | _cBK | ||
| 957 | _71 | ||
| 999 |
_a46 _bNO _g Copie: 1 _c356339 _d356339 |
||